[Event "11th EUR-ch"]
[Site "Rijeka CRO"]
[Date "2010.03.12"]
[Round "7"]
[White "Salgado Lopez, Ivan"]
[Black "Fercec, Nenad"]
[Result "1-0"]
[WhiteElo "2592"]
[BlackElo "2492"]
[EventDate "2010.03.06"]
[PlyCount "67"]

1.d4 Nf6 2.c4 g6 3.Nc3 d5 4.e3 Bg7 5.cxd5 Nxd5 6.Nxd5 Qxd5 7.Ne2 c5 8.Nc3 
Qd8 9.d5 O-O 10.Be2 e6 11.e4 exd5 12.exd5 Bf5 13.O-O Na6 14.Be3 Qa5 15.Rc1
Rfe8 16.Qb3 Nb4 17.Rfd1 Bd4 18.Bxd4 cxd4 19.Rxd4 Nxa2 20.Nxa2 Rxe2 21.Nc3 
Re5 22.Qxb7 Rae8 23.h4 Re1+ 24.Rxe1 Rxe1+ 25.Kh2 Qa1 26.Kg3 Kg7 27.Ra4 Qc1
28.Rxa7 Re3+ 29.Kh2 Rh3+ 30.gxh3 Qf4+ 31.Kg1 Bxh3 32.Qxf7+ Qxf7 33.Rxf7+ 
Kxf7 34.Ne4 1-0

[Event "11th EUR-ch"]
[Site "Rijeka CRO"]
[Date "2010.03.12"]
[Round "7"]
[White "Golod, Vitali"]
[Black "Miron, Lucian-Costin"]
[Result "1/2-1/2"]
[WhiteElo "2590"]
[BlackElo "2482"]
[EventDate "2010.03.06"]
[PlyCount "128"]

1.d4 d5 2.c4 e6 3.Nf3 Nf6 4.Bg5 h6 5.Bxf6 Qxf6 6.Nbd2 c5 7.cxd5 exd5 8.e4 
cxd4 9.Bb5+ Bd7 10.Qe2 Bc5 11.exd5+ Qe7 12.O-O-O O-O 13.Qxe7 Bxe7 14.Nxd4 
Rd8 15.Rhe1 Bc5 16.N2b3 Bxb5 17.Nxc5 Rxd5 18.b4 Bc6 19.Rd2 Rd8 20.b5 Bxg2 
21.Nf5 Rxd2 22.Kxd2 b6 23.Re8+ Kh7 24.Ne3 Bh1 25.Nb3 Nd7 26.Re7 Rd8 27.Kc3
Kg8 28.Nf5 Kf8 29.Re1 Bd5 30.Rg1 Nf6 31.Nxg7 Bxb3 32.Kxb3 Rd5 33.a4 Ne4 
34.f4 Nd6 35.f5 Ne4 36.Nh5 Rxf5 37.Ng3 Nc5+ 38.Kc4 Rf4+ 39.Kd5 Nxa4 40.Ne4
Nc5 41.Nd6 a6 42.Kc6 Rf6 43.Kxb6 Ne4 44.Kc7 Nxd6 45.bxa6 Nb5+ 46.Kb7 Re6 
47.Rc1 Ke8 48.Rc5 Re7+ 49.Kb6 Na7 50.h4 Kd8 51.Rd5+ Kc8 52.Rd6 h5 53.Rh6 
Kb8 54.Rxh5 Re6+ 55.Ka5 Nc6+ 56.Kb5 Ne5 57.Rf5 f6 58.Rh5 Re7 59.Kc5 Nf3 
60.Kd5 Ka7 61.Rf5 Re5+ 62.Rxe5 fxe5 63.h5 Kxa6 64.h6 Nh4 1/2-1/2

[Event "11th EUR-ch"]
[Site "Rijeka CRO"]
[Date "2010.03.12"]
[Round "7"]
[White "Pantsulaia, Levan"]
[Black "Durarbayli, Vasif"]
[Result "0-1"]
[WhiteElo "2588"]
[BlackElo "2476"]
[EventDate "2010.03.06"]
[PlyCount "128"]

1.Nf3 c5 2.c4 Nf6 3.g3 b6 4.Bg2 Bb7 5.Nc3 e6 6.O-O d6 7.d4 cxd4 8.Qxd4 Be7
9.Bg5 a6 10.Bxf6 gxf6 11.Rfd1 Nc6 12.Qe3 Qc7 13.Rac1 Ne5 14.Nxe5 fxe5 15.
Bxb7 Qxb7 16.Na4 Rb8 17.b4 h6 18.h4 Qc6 19.Nc3 Rg8 20.Qxh6 Qxc4 21.Qh7 Qg4
22.Ne4 Rg7 23.Qh8+ Rg8 24.Nf6+ Bxf6 25.Qxf6 Rg6 26.Qh8+ Rg8 27.Qh7 Rg7 28.
Qc2 Rd8 29.Qc6+ Ke7 30.Qc7+ Rd7 31.Qxb6 Qxe2 32.a4 Rg4 33.Re1 Qd2 34.Qxa6 
Qxb4 35.Qc8 Qxa4 36.Qh8 Qa5 37.Qh5 Rg6 38.Re3 Rc7 39.Rb1 Qd2 40.Kg2 Rf6 
41.Rf1 Rc1 42.Qe2 Qd5+ 43.Kg1 Rxf1+ 44.Qxf1 Rf3 45.Rxf3 Qxf3 46.Qc1 Kf8 
47.Qg5 Qd1+ 48.Kh2 Qd3 49.Kg1 Qb1+ 50.Kg2 Qd3 51.h5 Qd5+ 52.Kg1 e4 53.Qd8+
Kg7 54.h6+ Kh7 55.Qf6 Qd1+ 56.Kh2 Qh5+ 57.Kg1 Qg6 58.Qf4 d5 59.g4 d4 60.
Kf1 d3 61.g5 Qf5 62.Qe3 Qf3 63.Qxf3 exf3 64.Ke1 e5 0-1

[Event "11th EUR-ch"]
[Site "Rijeka CRO"]
[Date "2010.03.12"]
[Round "7"]
[White "Buhmann, Rainer"]
[Black "Maiwald, Jens-Uwe"]
[Result "1/2-1/2"]
[WhiteElo "2587"]
[BlackElo "2474"]
[EventDate "2010.03.06"]
[PlyCount "50"]

1.Nf3 g6 2.e4 Bg7 3.d4 d6 4.c4 Bg4 5.Be2 Nc6 6.Be3 Bxf3 7.Bxf3 e5 8.d5 Nd4
9.Nd2 Ne7 10.O-O O-O 11.b4 a5 12.bxa5 Rxa5 13.Nb3 Nxf3+ 14.Qxf3 Ra4 15.Qe2
Qa8 16.Rfc1 Qa6 17.Rc2 Ra8 18.Bg5 Nc8 19.Qf3 Bf8 20.c5 Qb5 21.cxd6 Nxd6 
22.Nd2 Ra3 23.Qd1 c6 24.dxc6 bxc6 25.Qc1 Qd3 1/2-1/2

[Event "11th EUR-ch"]
[Site "Rijeka CRO"]
[Date "2010.03.12"]
[Round "7"]
[White "Rakhmanov, Alexander"]
[Black "Petrosian, Davit Gevorgi"]
[Result "1/2-1/2"]
[WhiteElo "2584"]
[BlackElo "2468"]
[EventDate "2010.03.06"]
[PlyCount "130"]

1.d4 Nf6 2.Nf3 g6 3.Bg5 Bg7 4.c3 d6 5.e3 h6 6.Bxf6 Bxf6 7.Nbd2 Nc6 8.Bb5 
O-O 9.Qa4 Bd7 10.d5 a6 11.Bxc6 bxc6 12.dxc6 Be8 13.O-O-O Qb8 14.Nb3 Qb5 
15.Qxb5 axb5 16.Nfd4 Rxa2 17.Nc2 Ra6 18.Nb4 Rb6 19.Na5 e6 20.Rhe1 g5 21.g3
g4 22.h3 h5 23.hxg4 hxg4 24.Rh1 Kg7 25.Rh5 d5 26.Rdh1 Rg8 27.Kc2 Kf8 28.
Kd3 Be7 29.Rh7 f6 30.Kd2 Bg6 31.R7h4 Be4 32.Ra1 Kf7 33.Nb3 Bxb4 34.cxb4 
Rxc6 35.Nd4 Rd6 36.Ra7 Rd7 37.Nb3 Re7 38.Ra6 e5 39.Nc5 Bf3 40.Rh6 Rg6 41.
Rh8 Re8 42.Rh5 Rg5 43.Rh2 Rgg8 44.Rh6 Rg6 45.Rh5 Rg5 46.Rxg5 fxg5 47.Rc6 
Rh8 48.Nd3 Rh1 49.Nxe5+ Ke7 50.Rc2 Rd1+ 51.Kc3 Be4 52.Rd2 Rc1+ 53.Kd4 Ke6 
54.b3 Rb1 55.Nxg4 Rxb3 56.Kc5 Rc3+ 57.Kxb5 Bd3+ 58.Ka4 Kd6 59.f4 Bc2+ 60.
Kb5 gxf4 61.gxf4 Bd3+ 62.Ka4 Bc2+ 63.Kb5 Bd3+ 64.Ka4 Bc2+ 65.Kb5 Bd3+ 
1/2-1/2

[Event "11th EUR-ch"]
[Site "Rijeka CRO"]
[Date "2010.03.12"]
[Round "7"]
[White "Doric, Darko"]
[Black "Bosiocic, Marin"]
[Result "1/2-1/2"]
[WhiteElo "2464"]
[BlackElo "2577"]
[EventDate "2010.03.06"]
[PlyCount "22"]

1.d4 Nf6 2.Bg5 g6 3.Nf3 Bg7 4.e3 d6 5.Be2 O-O 6.O-O Nbd7 7.c4 h6 8.Bxf6 
Nxf6 9.Nc3 c6 10.Rc1 Qe8 11.b4 e5 1/2-1/2

[Event "11th EUR-ch"]
[Site "Rijeka CRO"]
[Date "2010.03.12"]
[Round "7"]
[White "Yemelin, Vasily"]
[Black "Kurmann, Oliver"]
[Result "1/2-1/2"]
[WhiteElo "2576"]
[BlackElo "2432"]
[EventDate "2010.03.06"]
[PlyCount "97"]

1.e4 d6 2.d4 Nf6 3.Bd3 g6 4.Nf3 Bg7 5.O-O O-O 6.c3 c5 7.h3 Nbd7 8.Bg5 cxd4
9.cxd4 e5 10.dxe5 Nxe5 11.Nxe5 dxe5 12.Nc3 Be6 13.Qf3 h6 14.Bh4 g5 15.Bg3 
Nd7 16.Rfd1 a6 17.Bc2 Qe8 18.Nd5 Rc8 19.Rac1 f6 20.Ne3 Rf7 21.Nf5 Bf8 22.
Bb3 Bxb3 23.Qxb3 Nc5 24.Qc4 b5 25.Qe2 Rfc7 26.Kh2 Ne6 27.Rxc7 Rxc7 28.Qd2 
Nc5 29.f3 Rd7 30.Qc2 Rxd1 31.Qxd1 Qd7 32.Qc2 Qd3 33.Qc1 h5 34.h4 g4 35.Bf2
gxf3 36.gxf3 Qxf3 37.Bxc5 Qe2+ 38.Kg1 Qxe4 39.Bxf8 Qxf5 40.Bc5 Qg4+ 41.Kf1
Qxh4 42.b3 Qe4 43.Qd1 Kg7 44.Qxh5 Qb1+ 45.Kg2 Qxa2+ 46.Bf2 Qxb3 47.Qg4+ 
Kf7 48.Qd7+ Kg6 49.Qg4+ 1/2-1/2

[Event "11th EUR-ch"]
[Site "Rijeka CRO"]
[Date "2010.03.12"]
[Round "7"]
[White "Potapov, Pavel"]
[Black "Iotov, Valentin"]
[Result "1/2-1/2"]
[WhiteElo "2427"]
[BlackElo "2568"]
[EventDate "2010.03.06"]
[PlyCount "33"]

1.e4 c5 2.c3 Nf6 3.e5 Nd5 4.Nf3 e6 5.d4 cxd4 6.cxd4 d6 7.Bc4 Nc6 8.O-O Be7
9.exd6 Qxd6 10.Nc3 Nxc3 11.bxc3 O-O 12.Re1 Bd7 13.Ng5 Rac8 14.Bd3 h6 15.
Ne4 Qd5 16.Bf4 Na5 17.Ng3 1/2-1/2

[Event "11th EUR-ch"]
[Site "Rijeka CRO"]
[Date "2010.03.12"]
[Round "7"]
[White "Vernay, Clovis"]
[Black "Godena, Michele"]
[Result "0-1"]
[WhiteElo "2440"]
[BlackElo "2561"]
[EventDate "2010.03.06"]
[PlyCount "112"]

1.d4 d5 2.c4 dxc4 3.Nf3 Nf6 4.e3 a6 5.Bxc4 b5 6.Bb3 Bb7 7.a4 Nbd7 8.Qe2 e6
9.Nbd2 Bb4 10.O-O c5 11.Rd1 O-O 12.Bc2 cxd4 13.Nxd4 bxa4 14.e4 Qc7 15.N2f3
Rac8 16.Bxa4 Bxe4 17.Bxd7 Qxd7 18.Bg5 Bxf3 19.Qxf3 Qd5 20.Qxd5 Nxd5 21.
Rxa6 h6 22.Be3 Nxe3 23.fxe3 Rfd8 24.Rb1 Bc5 25.b4 Bxd4 26.exd4 Rxd4 27.b5 
Rb8 28.Ra7 Rb6 29.Ra6 Rxa6 30.bxa6 Ra4 31.Rb8+ Kh7 32.Rb7 Kg6 33.a7 Ra2 
34.Rc7 Kf6 35.h4 h5 36.Kh2 Ra3 37.Rb7 g6 38.Rc7 e5 39.Rb7 Ke6 40.Rc7 f6 
41.Rb7 Kf5 42.Rh7 e4 43.Rf7 Ke5 44.Rg7 Kf5 45.Rf7 Ke5 46.Rg7 f5 47.Re7+ 
Kf4 48.Rg7 Ke5 49.Re7+ Kf4 50.Rg7 Ra1 51.Rb7 Ke5 52.Rb5+ Kd4 53.Rb4+ Kc3 
54.Rb7 f4 55.Rf7 e3 56.Rxf4 e2 0-1

[Event "11th EUR-ch"]
[Site "Rijeka CRO"]
[Date "2010.03.12"]
[Round "7"]
[White "Babula, Vlastimil"]
[Black "Ris, Robert"]
[Result "1/2-1/2"]
[WhiteElo "2554"]
[BlackElo "2422"]
[EventDate "2010.03.06"]
[PlyCount "46"]

1.d4 d5 2.c4 dxc4 3.e3 e5 4.Bxc4 exd4 5.exd4 Nf6 6.Nf3 Bd6 7.O-O O-O 8.Bg5
h6 9.Bh4 Bg4 10.h3 Bxf3 11.Qxf3 Nc6 12.Rd1 g5 13.Bg3 Bxg3 14.fxg3 Nxd4 15.
Qf2 c5 16.Nc3 Kg7 17.Nb5 Qb6 18.Nxd4 cxd4 19.Qxd4 Qxd4+ 20.Rxd4 Rad8 21.
Rad1 Rxd4 22.Rxd4 Re8 23.Rd1 Re7 1/2-1/2

[Event "11th EUR-ch"]
[Site "Rijeka CRO"]
[Date "2010.03.12"]
[Round "7"]
[White "Kargin, Arseny"]
[Black "Svetuschin, Dumitru"]
[Result "0-1"]
[WhiteElo "2400"]
[BlackElo "2554"]
[EventDate "2010.03.06"]
[PlyCount "120"]

1.e4 e5 2.Nf3 Nc6 3.Bb5 Nf6 4.O-O Nxe4 5.d4 Nd6 6.Bxc6 dxc6 7.dxe5 Nf5 8.
Qxd8+ Kxd8 9.Nc3 h6 10.h3 Bd7 11.Bf4 Kc8 12.Rad1 b6 13.a3 g5 14.Bd2 c5 15.
Nd5 Be6 16.Bc3 Kb7 17.Rd2 a5 18.a4 Ne7 19.Ne3 Ng6 20.Rfd1 Nf4 21.Kh2 Be7 
22.Ng1 h5 23.g3 Ng6 24.Ne2 g4 25.h4 Rad8 26.Nd5 Bf8 27.Ndf4 Rxd2 28.Rxd2 
Bh6 29.Nxg6 fxg6 30.Nf4 Re8 31.Re2 Bf5 32.Nd5 Be6 33.Nf6 Rd8 34.Kg2 Bg7 
35.Rd2 Rxd2 36.Bxd2 Bf5 37.c3 Bc2 38.Bg5 Bxa4 39.e6 Bc6+ 40.Kf1 Bf8 41.Ng8
Bd6 42.c4 b5 43.cxb5 Bxb5+ 44.Ke1 c4 45.Bd2 a4 46.Bc3 Kc6 47.Nf6 a3 48.
bxa3 Bxa3 49.Nd7 Kd5 50.Ne5 Be8 51.Ke2 Kxe6 52.f4 Kd5 53.Ba5 c6 54.Bc3 Bc5
55.Bd2 Bd4 56.Be1 c5 57.Kd2 c3+ 58.Kd3 c4+ 59.Kc2 Ba4+ 60.Kb1 c2+ 0-1

[Event "11th EUR-ch"]
[Site "Rijeka CRO"]
[Date "2010.03.12"]
[Round "7"]
[White "Bajarani, Ulvi"]
[Black "Solak, Dragan"]
[Result "1-0"]
[WhiteElo "2395"]
[BlackElo "2553"]
[EventDate "2010.03.06"]
[PlyCount "77"]

1.e4 Nf6 2.e5 Nd5 3.c4 Nb6 4.d4 d6 5.exd6 exd6 6.Nc3 Be7 7.Bd3 Nc6 8.Nge2 
Bg4 9.Be3 Bh5 10.b3 Bf6 11.Qd2 Bg6 12.Bxg6 hxg6 13.O-O-O a5 14.d5 Ne5 15.
f4 Ned7 16.a4 Kf8 17.h3 Nc8 18.g4 Nc5 19.Kc2 Qe7 20.Rde1 Bh4 21.Ref1 Bf6 
22.g5 Bxc3 23.Nxc3 Ne4 24.Qe1 Nxc3 25.Kxc3 Qd7 26.f5 gxf5 27.h4 Ne7 28.Qg3
Re8 29.h5 Kg8 30.Bd4 c5 31.Bf6 Kf8 32.g6 Rg8 33.h6 Nxg6 34.hxg7+ Rxg7 35.
Rh8+ Rg8 36.Rxg8+ Kxg8 37.Rh1 Kf8 38.Rh8+ Nxh8 39.Qg7# 1-0

[Event "11th EUR-ch"]
[Site "Rijeka CRO"]
[Date "2010.03.12"]
[Round "7"]
[White "Kozlitin, Roman"]
[Black "Parligras, Mircea-Emilian"]
[Result "0-1"]
[WhiteElo "2344"]
[BlackElo "2551"]
[EventDate "2010.03.06"]
[PlyCount "100"]

1.e4 c5 2.c3 d5 3.exd5 Qxd5 4.d4 Nf6 5.Nf3 e6 6.Be2 Nc6 7.Na3 Qd8 8.dxc5 
Qxd1+ 9.Bxd1 Bxc5 10.Nc4 b5 11.Be3 Bxe3 12.Nxe3 Ke7 13.Be2 Rb8 14.O-O Bd7 
15.Rfd1 Rhc8 16.Rac1 Ne4 17.Nd4 Ne5 18.f3 Nd6 19.b3 g5 20.Rd2 Rc5 21.Rdc2 
Rbc8 22.Kf2 f5 23.Nd1 f4 24.Nb2 Rd5 25.b4 Be8 26.Nb3 Ndc4 27.Nxc4 bxc4 28.
Nc5 Bg6 29.Rb2 Rb8 30.Ne4 Bxe4 31.fxe4 Rd3 32.a4 g4 33.b5 Kd6 34.Rbb1 g3+ 
35.hxg3 fxg3+ 36.Ke1 Re3 37.a5 Rxe4 38.b6 Nd3+ 39.Kd2 Nxc1 40.Bf3 Nb3+ 41.
Rxb3 cxb3 42.Bxe4 axb6 43.a6 Rd8 44.Kc1 Rd7 45.Kb2 Ra7 46.Bd3 h5 47.Be2 h4
48.Bg4 Rxa6 49.Kxb3 Ra1 50.Kc4 Ra4+ 0-1

[Event "11th EUR-ch"]
[Site "Rijeka CRO"]
[Date "2010.03.12"]
[Round "7"]
[White "Damljanovic, Branko"]
[Black "Dragomirescu, Robin-Alexandru"]
[Result "1/2-1/2"]
[WhiteElo "2550"]
[BlackElo "2372"]
[EventDate "2010.03.06"]
[PlyCount "87"]

1.c4 Nf6 2.Nc3 g6 3.e4 d6 4.d4 Bg7 5.Nf3 O-O 6.h3 e5 7.d5 Nh5 8.Nd2 a5 9.
g3 Na6 10.Be2 Nf6 11.g4 Nd7 12.Nb3 Ndc5 13.Rg1 Kh8 14.Be3 f5 15.Nxa5 Nxe4 
16.Nxe4 fxe4 17.Nb3 c6 18.Qd2 cxd5 19.cxd5 Bd7 20.Rc1 b6 21.Rc4 Nc5 22.
Nxc5 bxc5 23.b3 Ra3 24.Kf1 Qh4 25.Kg2 Bh6 26.Rf1 Bxe3 27.Qxe3 Rxa2 28.Rxe4
Kg7 29.Bc4 Rb2 30.Qg3 Qxg3+ 31.Kxg3 Bb5 32.f4 g5 33.fxe5 Rxf1 34.Bxf1 Bxf1
35.exd6 Rxb3+ 36.Kf2 Bb5 37.d7 Bxd7 38.Re7+ Kf6 39.Rxd7 Rxh3 40.Rc7 Ke5 
41.Rxc5 h5 42.d6+ Kxd6 43.Rxg5 hxg4 44.Rxg4 1/2-1/2

[Event "11th EUR-ch"]
[Site "Rijeka CRO"]
[Date "2010.03.12"]
[Round "7"]
[White "Pavlidis, Anastasios"]
[Black "Zelcic, Robert"]
[Result "1-0"]
[WhiteElo "2338"]
[BlackElo "2547"]
[EventDate "2010.03.06"]
[PlyCount "87"]

1.d4 c5 2.d5 e6 3.c4 exd5 4.cxd5 d6 5.Nc3 Ne7 6.e4 Ng6 7.Nge2 Be7 8.Ng3 
O-O 9.Bd3 Bh4 10.O-O Bxg3 11.hxg3 Nd7 12.f4 Nf6 13.Be2 Re8 14.Bf3 b5 15.
Re1 a6 16.a3 Ra7 17.Be3 Rae7 18.e5 dxe5 19.Bxc5 Rd7 20.f5 Nf8 21.d6 Bb7 
22.Bxb7 Rxb7 23.Nd5 N8d7 24.b4 h6 25.Ne7+ Kh7 26.g4 Ng8 27.Nd5 Ngf6 28.Ra2
Kh8 29.g5 hxg5 30.g3 Ng8 31.Qf3 Nh6 32.Rh2 Rb8 33.f6 Re6 34.Be3 e4 35.
fxg7+ Kg8 36.Qh5 Ne5 37.Ne7+ Kxg7 38.Qxg5+ Kf8 39.Rf1 Neg4 40.Rxh6 Nxh6 
41.Qh5 Qxd6 42.Bxh6+ Ke8 43.Qxf7+ Kd8 44.Nf5 1-0

[Event "11th EUR-ch"]
[Site "Rijeka CRO"]
[Date "2010.03.12"]
[Round "7"]
[White "Potapov, Alexander"]
[Black "Cheparinov, Ivan"]
[Result "0-1"]
[WhiteElo "2446"]
[BlackElo "2657"]
[EventDate "2010.03.06"]
[PlyCount "98"]

1.d4 d5 2.c4 c6 3.Nc3 Nf6 4.e3 e6 5.Nf3 Nbd7 6.Qc2 Bd6 7.b3 O-O 8.Bb2 b6 
9.Be2 Bb7 10.O-O Rc8 11.Rad1 Qe7 12.e4 dxe4 13.Nxe4 Nxe4 14.Qxe4 Nf6 15.
Qe3 c5 16.Ne5 Rfd8 17.Bf3 h6 18.h3 Qc7 19.Rfe1 cxd4 20.Bxd4 Bb4 21.Rf1 
Bxf3 22.Nxf3 Nd7 23.Bb2 Bc5 24.Qe2 Nf6 25.Bxf6 gxf6 26.Rxd8+ Rxd8 27.Rd1 
Bb4 28.Rd3 Rxd3 29.Qxd3 Qf4 30.Qe3 Qf5 31.Nd2 Qg6 32.g3 Bc5 33.Qf3 f5 34.
Kg2 a5 35.Qf4 Qg7 36.Qb8+ Kh7 37.Qc7 Qd4 38.Qf4 Qb2 39.g4 Qc1 40.gxf5 e5 
41.Qe4 Qxd2 42.f6+ Kg8 43.Qa8+ Bf8 44.Qc6 Qd6 45.Qf3 Qe6 46.a3 e4 47.Qf4 
Kh7 48.a4 Bd6 49.Qh4 Qf5 0-1

[Event "11th EUR-ch"]
[Site "Rijeka CRO"]
[Date "2010.03.12"]
[Round "7"]
[White "Pashikian, Arman"]
[Black "Popilski, Gil"]
[Result "1-0"]
[WhiteElo "2652"]
[BlackElo "2441"]
[EventDate "2010.03.06"]
[PlyCount "51"]

1.d4 Nf6 2.c4 g6 3.Nc3 d5 4.cxd5 Nxd5 5.e4 Nxc3 6.bxc3 Bg7 7.Be3 c5 8.Nf3 
Qa5 9.Qd2 Nc6 10.Rb1 O-O 11.Rb5 cxd4 12.Rxa5 dxe3 13.Qxe3 Nxa5 14.Nd4 b6 
15.h4 Bb7 16.h5 Rac8 17.hxg6 hxg6 18.f4 e5 19.fxe5 Bxe5 20.Qh6 Rfd8 21.Bd3
Rd7 22.Qh7+ Kf8 23.O-O Re7 24.Qxg6 Rxc3 25.Ne6+ Ke8 26.Bb5+ 1-0

[Event "11th EUR-ch"]
[Site "Rijeka CRO"]
[Date "2010.03.12"]
[Round "7"]
[White "Smirnov, Artem"]
[Black "Sakaev, Konstantin"]
[Result "1/2-1/2"]
[WhiteElo "2435"]
[BlackElo "2635"]
[EventDate "2010.03.06"]
[PlyCount "122"]

1.d4 Nf6 2.Bg5 d5 3.Nd2 e6 4.Ngf3 c5 5.e3 Qb6 6.Rb1 h6 7.Bxf6 gxf6 8.dxc5 
Bxc5 9.b4 Be7 10.c4 Nc6 11.Be2 O-O 12.cxd5 exd5 13.b5 Ne5 14.O-O Bf5 15.
Nd4 Bxb1 16.Qxb1 Rfe8 17.Qf5 Bf8 18.h4 Ng6 19.Bd3 Bg7 20.N2f3 Ne7 21.Qh7+ 
Kf8 22.Bf5 a6 23.Nh2 axb5 24.Ng4 Ra4 25.Nxh6 Rxd4 26.exd4 Qxd4 27.g3 Ra8 
28.Bb1 Ra4 29.Kg2 Qe5 30.Nf5 Nxf5 31.Qxf5 Qxf5 32.Bxf5 Rxa2 33.Rb1 Bh6 34.
Kh3 Bd2 35.Rxb5 Be1 36.Rxd5 Rxf2 37.Kg4 Rg2 38.Rd3 b5 39.Kh3 Rf2 40.Be4 
Re2 41.Bd5 b4 42.Kg4 Kg7 43.Bb3 Re7 44.Kf3 Rc7 45.Re3 Bd2 46.Rd3 Bc3 47.
Ba4 Be5 48.Bb3 Kg6 49.Re3 Rc1 50.Rd3 f5 51.Re3 f6 52.Rd3 f4 53.g4 Rh1 54.
Be6 Rxh4 55.Rd7 Rh3+ 56.Kf2 f3 57.Rd3 Rh2+ 58.Kxf3 Kg5 59.Rd8 Rh7 60.Ke4 
Rh6 61.Rg8+ Rg6 1/2-1/2

[Event "11th EUR-ch"]
[Site "Rijeka CRO"]
[Date "2010.03.12"]
[Round "7"]
[White "Bartel, Mateusz"]
[Black "Boskovic, Drasko"]
[Result "1/2-1/2"]
[WhiteElo "2634"]
[BlackElo "2434"]
[EventDate "2010.03.06"]
[PlyCount "99"]

1.d4 Nf6 2.c4 g6 3.Nc3 d5 4.Bf4 Bg7 5.Rc1 O-O 6.e3 c6 7.Nf3 Re8 8.Be2 Bg4 
9.O-O Bxf3 10.Bxf3 dxc4 11.b3 Qa5 12.bxc4 Nh5 13.Bxh5 Qxh5 14.Qxh5 gxh5 
15.Bxb8 Raxb8 16.Ne4 e6 17.f4 f5 18.Nc5 b6 19.Na6 Rbc8 20.c5 Bf8 21.Rf2 
Red8 22.Rb2 bxc5 23.Nxc5 Bxc5 24.Rxc5 Rc7 25.Kf2 h4 26.Rb4 Rd5 27.Rbc4 
Rxc5 28.Rxc5 Kf7 29.e4 fxe4 30.Ke3 Kf6 31.Kxe4 Rg7 32.Kf3 Rd7 33.Rc4 Kf5 
34.Ke3 Rg7 35.Rc5+ Kf6 36.Kf3 Rd7 37.Ke4 Rg7 38.Rc2 h6 39.a4 a5 40.h3 Ke7 
41.Rxc6 Rxg2 42.Rc7+ Kf6 43.Rc5 Re2+ 44.Kf3 Rd2 45.Rxa5 Rxd4 46.Kg4 Kg6 
47.Ra6 h5+ 48.Kxh4 Rxf4+ 49.Kg3 Kf5 50.Ra8 1/2-1/2

[Event "11th EUR-ch"]
[Site "Rijeka CRO"]
[Date "2010.03.12"]
[Round "7"]
[White "Butnorius, Algimantas"]
[Black "Andriasian, Zaven"]
[Result "0-1"]
[WhiteElo "2437"]
[BlackElo "2609"]
[EventDate "2010.03.06"]
[PlyCount "94"]

1.d4 d5 2.c4 c6 3.Nf3 Nf6 4.Nc3 e6 5.e3 Nbd7 6.Qc2 Bd6 7.Bd3 dxc4 8.Bxc4 
b5 9.Be2 O-O 10.O-O Qe7 11.Ng5 Bb7 12.Bf3 Rac8 13.Bd2 h6 14.Nge4 Nxe4 15.
Nxe4 c5 16.Qd3 c4 17.Qc2 f5 18.Nxd6 Bxf3 19.gxf3 Qxd6 20.a3 Qd5 21.Bb4 Rf7
22.Qe2 Nf6 23.a4 a6 24.axb5 axb5 25.Ra6 Rd8 26.Rfa1 Nh7 27.f4 Nf6 28.f3 
Kh7 29.Ra7 Rxa7 30.Rxa7 Ra8 31.Rxa8 Qxa8 32.Kg2 Nd5 33.Bd6 Qa2 34.Kf2 b4 
35.e4 c3 36.bxc3 b3 37.exd5 Qxe2+ 38.Kxe2 b2 39.dxe6 b1=Q 40.e7 Qc2+ 41.
Kf1 Qd1+ 42.Kf2 Qd2+ 43.Kf1 Qe3 44.Be5 Qxf3+ 45.Kg1 Qc6 46.Bd6 Kg6 47.d5 
Qb6+ 0-1

[Event "11th EUR-ch"]
[Site "Rijeka CRO"]
[Date "2010.03.12"]
[Round "7"]
[White "Delorme, Axel"]
[Black "Kotronias, Vasilios"]
[Result "0-1"]
[WhiteElo "2429"]
[BlackElo "2593"]
[EventDate "2010.03.06"]
[PlyCount "56"]

1.e4 c5 2.Nf3 e6 3.d4 cxd4 4.Nxd4 a6 5.Bd3 Bc5 6.Nb3 Be7 7.Qg4 g6 8.Qe2 d6
9.a4 Nd7 10.a5 Ngf6 11.Nc3 Ne5 12.Na4 Bd7 13.Nb6 Rb8 14.O-O O-O 15.Nd4 
Nxd3 16.Qxd3 e5 17.Ne2 Bc6 18.Nc3 Nd7 19.Bh6 Re8 20.Ncd5 Nxb6 21.Nxb6 g5 
22.Qf3 Kh8 23.Qf5 Rg8 24.Ra3 Rg6 25.Rh3 Qg8 26.Re1 Re8 27.Kf1 Bd8 28.Rh5 
Ree6 0-1

[Event "11th EUR-ch"]
[Site "Rijeka CRO"]
[Date "2010.03.12"]
[Round "7"]
[White "Loncar, Robert"]
[Black "Sulskis, Sarunas"]
[Result "1/2-1/2"]
[WhiteElo "2424"]
[BlackElo "2572"]
[EventDate "2010.03.06"]
[PlyCount "188"]

1.Nf3 c5 2.c4 Nc6 3.Nc3 Nf6 4.e3 e5 5.d4 cxd4 6.exd4 e4 7.Ne5 Bb4 8.Be2 
Qa5 9.Nxc6 dxc6 10.O-O O-O 11.Bd2 Re8 12.a3 Bxc3 13.Bxc3 Qg5 14.Qc1 e3 15.
fxe3 Bg4 16.Bxg4 Nxg4 17.Bd2 Re4 18.Qe1 Rae8 19.Qg3 h6 20.Rf4 Rxf4 21.Qxf4
Qxf4 22.exf4 Re2 23.Rd1 Nf2 24.Kf1 Nxd1 25.Kxe2 Nxb2 26.c5 f5 27.Bc1 Na4 
28.Kd3 Kf7 29.Kc4 Ke6 30.Kb4 b5 31.cxb6 Nxb6 32.Kc5 Kd7 33.Bd2 h5 34.h3 g6
35.Be1 Nd5 36.Bd2 Kc7 37.Ba5+ Kb7 38.Bd2 Nf6 39.Be1 Kc7 40.Ba5+ Kd7 41.Kc4
Nd5 42.Bd2 Kd6 43.Kd3 Nb6 44.Bb4+ Kd5 45.Bc5 Nc4 46.Bxa7 Nxa3 47.Bb8 Nc4 
48.Bc7 Na3 49.Bb8 Nb5 50.Be5 Na7 51.Bb8 Nc8 52.Bc7 Ke6 53.Kc4 Kd7 54.Ba5 
Nd6+ 55.Kd3 Ne4 56.Bb4 Nf6 57.Kc4 Nd5 58.Bd2 Kd6 59.Kd3 Ke6 60.Kc4 Nf6 61.
Be1 Kd7 62.Bd2 Nd5 63.Kc5 Kc7 64.Ba5+ Kb7 65.Bd2 Nf6 66.Be1 Kc7 67.Kc4 Kb6
68.Bd2 Nd5 69.Bc1 Kc7 70.Bd2 Kd6 71.Kd3 Ke6 72.Kc4 Nf6 73.Be1 Ne4 74.Bb4 
Nf6 75.Be1 Kd6 76.Bb4+ Kc7 77.Ba5+ Kd7 78.Be1 Kc8 79.Ba5 Nd5 80.Bd2 Kc7 
81.Kc5 h4 82.Ba5+ Kb7 83.Bd2 Kc7 84.Ba5+ Kd7 85.Bd2 Nf6 86.Kc4 Ke6 87.Kd3 
Nh5 88.Kc4 Nf6 89.Be1 Nd5 90.Bd2 Nf6 91.Be1 Nd5 92.Bd2 Nf6 93.Be1 Nh5 94.
Bd2 Nf6 1/2-1/2

[Event "11th EUR-ch"]
[Site "Rijeka CRO"]
[Date "2010.03.12"]
[Round "7"]
[White "Ruck, Robert"]
[Black "Pancevski, Filip"]
[Result "1/2-1/2"]
[WhiteElo "2570"]
[BlackElo "2423"]
[EventDate "2010.03.06"]
[PlyCount "122"]

1.Nf3 Nf6 2.c4 d6 3.d4 g6 4.g3 Bg7 5.Bg2 O-O 6.Nc3 a6 7.O-O Nc6 8.d5 Na5 
9.b3 Rb8 10.Nd4 Bd7 11.Bb2 c5 12.dxc6 bxc6 13.Rb1 Qc8 14.e4 Rd8 15.Qd2 Nb7
16.Rbd1 e5 17.Nc2 Bh3 18.f4 Bxg2 19.Qxg2 exf4 20.Rxf4 Ng4 21.Na4 Ne5 22.
Nb4 Nc5 23.Nxc5 Rxb4 24.Nd3 Rb7 25.Qe2 Re7 26.Ba3 Nxd3 27.Rxd3 Be5 28.Rh4 
Qe6 29.Kg2 Red7 30.Qg4 Qf6 31.Bc1 Qe7 32.Bg5 Bf6 33.Bxf6 Qxf6 34.Qf3 Qb2+ 
35.Qf2 Qe5 36.Qd4 Qe8 37.Rf4 Re7 38.Qb6 Re6 39.Rdf3 Re7 40.Qd4 Rdd7 41.h4 
h6 42.Qb6 Rb7 43.Qa5 Kh7 44.Qd2 Rbd7 45.Qd3 a5 46.Rf2 Kg8 47.Rf6 Re6 48.
Rxe6 Qxe6 49.Rd2 Re7 50.Qxd6 Qxe4+ 51.Kh2 Qe1 52.Rg2 Re6 53.Qd8+ Kh7 54.
Qd2 Qe5 55.Rf2 Re7 56.Qd8 Kg7 57.Qd2 Kh7 58.Qd8 f5 59.Qd2 Qc7 60.Re2 Rxe2+
61.Qxe2 f4 1/2-1/2

[Event "11th EUR-ch"]
[Site "Rijeka CRO"]
[Date "2010.03.12"]
[Round "7"]
[White "Jankovic, Alojzije"]
[Black "Buss, Ralph"]
[Result "1/2-1/2"]
[WhiteElo "2569"]
[BlackElo "2416"]
[EventDate "2010.03.06"]
[PlyCount "58"]

1.d4 Nf6 2.c4 e6 3.Nf3 b6 4.a3 Bb7 5.Nc3 d5 6.cxd5 Nxd5 7.Qc2 Nxc3 8.bxc3 
c5 9.e4 Nd7 10.Bf4 cxd4 11.cxd4 Rc8 12.Qb3 Be7 13.Bd3 Nf6 14.Qb5+ Bc6 15.
Qb1 O-O 16.O-O b5 17.Rc1 Qb6 18.e5 Bxf3 19.gxf3 Qxd4 20.exf6 Bxf6 21.Bxh7+
Kh8 22.Qe4 g6 23.Bxg6 fxg6 24.Rab1 Rxc1+ 25.Rxc1 Qxe4 26.fxe4 Bb2 27.Rb1 
Rxf4 28.Rxb2 Rxe4 29.Rxb5 Ra4 1/2-1/2

[Event "11th EUR-ch"]
[Site "Rijeka CRO"]
[Date "2010.03.12"]
[Round "7"]
[White "Minasian, Artashes"]
[Black "Schroll, Gerhard"]
[Result "1-0"]
[WhiteElo "2568"]
[BlackElo "2411"]
[EventDate "2010.03.06"]
[PlyCount "44"]

1.Nf3 Nf6 2.g3 d5 3.Bg2 e6 4.O-O Be7 5.d3 b6 6.Nbd2 Bb7 7.e4 dxe4 8.dxe4 
O-O 9.Qe2 Nc6 10.e5 Nd7 11.Rd1 Qc8 12.h4 Rd8 13.Nf1 Nf8 14.Bg5 Rxd1 15.
Rxd1 Qe8 16.c3 Rd8 17.Re1 Qd7 18.N1h2 Ba8 19.Ng4 Bxg5 20.hxg5 Ng6 21.Nfh2 
Qd3 22.Qxd3 Rxd3 1-0

[Event "11th EUR-ch"]
[Site "Rijeka CRO"]
[Date "2010.03.12"]
[Round "7"]
[White "Sanikidze, Tornike"]
[Black "Baron, Tal"]
[Result "1-0"]
[WhiteElo "2566"]
[BlackElo "2415"]
[EventDate "2010.03.06"]
[PlyCount "73"]

1.d4 Nf6 2.c4 g6 3.Nc3 d5 4.cxd5 Nxd5 5.Bd2 Bg7 6.e4 Nb6 7.Be3 O-O 8.Bb5 
f5 9.Qb3+ e6 10.exf5 Rxf5 11.Nf3 Nd5 12.Bd3 Rf8 13.h4 Nc6 14.O-O-O Nf4 15.
Be4 Nxg2 16.Bg5 Qd6 17.Nb5 Qb4 18.Qxb4 Nxb4 19.Ne5 Nf4 20.Nxc7 Rb8 21.Be7 
Ne2+ 22.Kb1 Rf4 23.f3 Nc6 24.Bd6 Bf8 25.Nxc6 Bxd6 26.Nxb8 Bxc7 27.Rd2 Ng3 
28.Rc1 Nxe4 29.fxe4 Bxb8 30.Rxc8+ Rf8 31.Rxf8+ Kxf8 32.e5 Bc7 33.Kc2 Bd8 
34.Rh2 h5 35.Kd3 Ba5 36.Ke4 Be1 37.Rh1 1-0

[Event "11th EUR-ch"]
[Site "Rijeka CRO"]
[Date "2010.03.12"]
[Round "7"]
[White "Grigorian, Avetik"]
[Black "Rukavina, Josip"]
[Result "1-0"]
[WhiteElo "2565"]
[BlackElo "2409"]
[EventDate "2010.03.06"]
[PlyCount "87"]

1.d4 d6 2.c4 g6 3.Nc3 Bg7 4.e4 e5 5.Nge2 Nc6 6.Be3 Nh6 7.d5 Ne7 8.h3 f5 9.
g3 Nf7 10.Bg2 Bh6 11.Bxh6 Nxh6 12.Qd2 Nf7 13.O-O O-O 14.f4 c5 15.Rae1 a6 
16.exf5 gxf5 17.fxe5 Nxe5 18.Qh6 N7g6 19.Nf4 Nxf4 20.Rxf4 Qe7 21.Kh2 Bd7 
22.Ref1 b5 23.cxb5 axb5 24.a3 Ng6 25.R4f2 Qg7 26.Qd2 Rfb8 27.g4 b4 28.axb4
cxb4 29.Ne2 Nh4 30.gxf5 Nxf5 31.Rxf5 Bxf5 32.Rxf5 Kh8 33.Nd4 Rg8 34.Qf2 
Ra2 35.h4 h6 36.Rf3 Qe5+ 37.Kh3 Raa8 38.Rf5 Qg7 39.Ne6 Qg4+ 40.Kh2 Rac8 
41.Rf4 Qh5 42.Qd4+ Qe5 43.Qxe5+ dxe5 44.Rf6 1-0